| 000 | 02304nam a2200385 a 4500 | ||
|---|---|---|---|
| 001 | ebr10296817 | ||
| 003 | CaPaEBR | ||
| 006 | m u | ||
| 007 | cr cn||||||||| | ||
| 008 | 070925s2008 njua s 001 0 eng | ||
| 010 | _z 2007039471 | ||
| 020 | _z9780471699583 (pbk.) | ||
| 020 | _z0471699586 (pbk.) | ||
| 040 |
_aCaPaEBR _cCaPaEBR |
||
| 035 | _a(OCoLC)608624136 | ||
| 050 | 1 | 4 |
_aHF5626 _b.E673 2008eb |
| 082 | 0 | 4 |
_a657.02/18 _222 |
| 100 | 1 |
_aEpstein, Barry Jay, _d1946- |
|
| 245 | 1 | 0 |
_aWiley IFRS policies and procedures _h[electronic resource] / _cBarry J. Epstein, Eva K. Jermakowicz. |
| 246 | 3 | _aWiley International accounting and financial reporting standards policies and procedures | |
| 246 | 3 | 0 | _aIFRS policies and procedures |
| 260 |
_aHoboken, N.J. : _bJohn Wiley & Sons, _cc2008. |
||
| 300 |
_a469 p. : _bill. |
||
| 500 | _aIntended as a companion volume to Wiley IFRS 2005 : interpretation and application of international accounting and financial reporting standards / Barry J. Epstein, Abbas Ali Mirza. c2005. It provides advice on controls, policies and procedures, forms, reports, and archiving requirements not included in the previous volume. | ||
| 500 | _aIncludes index. | ||
| 505 | 0 | _aResearching IFRS implementation problems -- Cash, receivables, and prepaid expenses -- Short-term investments and financial instruments -- Inventory -- Revenue recognition -- Long-lived assets -- Investments -- Business combinations and consolidated financial statements -- Current liabilities and contingencies after the reporting period -- Long-term debt -- Leases -- Pensions and other postretirement benefits -- Shareholders' equity -- Interim reporting -- Segment reporting -- Foreign currency. | |
| 533 |
_aElectronic reproduction. _bPalo Alto, Calif. : _cebrary, _d2013. _nAvailable via World Wide Web. _nAccess may be limited to ebrary affiliated libraries. |
||
| 650 | 0 |
_aAccounting _xStandards. |
|
| 650 | 0 |
_aInternational business enterprises _xAccounting. |
|
| 655 | 7 |
_aElectronic books. _2local |
|
| 700 | 1 | _aJermakowicz, Eva K. | |
| 700 | 1 |
_aEpstein, Barry Jay, _d1946- _tWiley IFRS 2005. |
|
| 710 | 2 | _aebrary, Inc. | |
| 856 | 4 | 0 |
_uhttp://site.ebrary.com/lib/rucke/Doc?id=10296817 _zAn electronic book accessible through the World Wide Web; click to view |
| 999 |
_c77834 _d77834 |
||